00310nam a2200097Ia 4500008004100000082001500041100001700056245004700073260005400120650003800174211119s9999||||xx |||||||||||||| ||und|| a658bHUL-R aJohn C, Hull 0aRisk Management and Financial Institutions bPearson India Education ServicesaNew Delhic2007 aManagementManagementxMBA LIBRARY